000 00882nam a22002535i 4500
001 165671
003 ES-MaACL
005 20250831035711.0
008 001226s1885 fr |||| | fre d
040 _aCCPB | B
_bspa
_cES-MaACL
080 _a321.01
100 1 _aSpencer, Herbert,
_d1820-1903
_9107684
245 1 2 _aL'individu contre l'État /
_cpar Herbert Spencer ; traduit de l'anglais par J. Gerschel.
260 _aParis :
_bAncienne librairie Germer Baillière et Cie :
_bFélix Alcan, éditeur,
_c1885 (
_eBourloton :
_fImprimeries réunies)
300 _aII, 166 p. ;
_c19 cm.
650 7 _aEstado
_2embne
_912523
700 1 1 _aGerschel, J.,
_9127296
752 _aFrancia -
_dParís
752 _aFrancia -
_dBourloton
852 _aES-MaACL
_jF-11737
_z-- Enc. pasta española
942 _2udc
999 _c165671
_d165671